000 00804nam a22002057a 4500
999 _c12570
_d12570
003 AR-CdUCM
008 190409b ||||| |||| 00| 0 spa d
040 _aMUNICIPALIDAD PROVINCIAL DEL CUSCO
_cBIBLIOTECA MUNICIPAL DEL CUSCO
082 _aC / 869.56 /
_bM63
100 _aMiranda Bernal, Julio
_9877
245 _ala novela en el Cusco /
260 _aCusco :
_bUNSAAC,
_c1994.
300 _a233 paginas ;
_c20 cm.
505 _aContenido : Nariso Aréstegui, el padre Horán, el ángel salvador -- Clorinda Matto de Turner, aves sin nido, Índole, Herencia -- Lizandro Caller -- Alfredo Yepéz Miranda...
650 _aNovela cusqueña
_9779
650 _aUniversidad San Antonio Abad del Cusco
_916396
650 _aRelatos Cusqueños
_930461
942 _2ddc
_cLIBROS
945 _awnts
_d2019-04-09